000 00389nam a2200157Ia 4500
008 230917s9999||||xx |||||||||||||| ||und||
040 _e99882
_aMAIN
041 _aEnglish
082 _a579 A16F
100 _aAlcamo, I Edward
245 0 _aLaboratory fundamentals of Microbiology
250 _a6th ed.
260 _aBoston
_bJones & Bartlett
_c2001
300 _a310 p.
942 _cBK
999 _c109023
_d109023